Materials science and processes / (Record no. 10353)
[ view plain ]
| 000 -LEADER | |
|---|---|
| fixed length control field | 00528nam a2200193 i 4500 |
| 090 ## - LOCALLY ASSIGNED LC-TYPE CALL NUMBER (OCLC); LOCAL CALL NUMBER (OCLC) | |
| -- | 0 |
| 001 - CONTROL NUMBER | |
| control field | 2271010 |
| 005 - DATE AND TIME OF LATEST TRANSACTION | |
| control field | 20201124142357.0 |
| 008 - FIXED-LENGTH DATA ELEMENTS--GENERAL INFORMATION | |
| fixed length control field | 790315s1977 enka 001 0 eng |
| 040 ## - CATALOGING SOURCE | |
| Original cataloging agency | DLC |
| Transcribing agency | DLC |
| Modifying agency | DLC |
| 050 00 - LIBRARY OF CONGRESS CALL NUMBER | |
| Item number | . |
| 082 00 - DEWEY DECIMAL CLASSIFICATION NUMBER | |
| Classification number | 620.11 |
| Edition number | 22 |
| Item number | MUR |
| 100 2# - MAIN ENTRY--PERSONAL NAME | |
| Personal name | Hajra Choudhury, Samir Kumar, |
| Dates associated with a name | 1930- |
| 245 10 - TITLE STATEMENT | |
| Title | Materials science and processes / |
| Statement of responsibility, etc | M. K. Muralidhara |
| 260 ## - PUBLICATION, DISTRIBUTION, ETC. (IMPRINT) | |
| Place of publication, distribution, etc | New Delhi: |
| Name of publisher, distributor, etc | Dhanpat Rai Publishing , |
| Date of publication, distribution, etc | 1998 |
| 300 ## - PHYSICAL DESCRIPTION | |
| Extent | 374 p. : |
| Other physical details | ill. ; |
| Dimensions | 21 cm. |
| 650 #0 - SUBJECT ADDED ENTRY--TOPICAL TERM | |
| Topical term or geographic name as entry element | Materials. |
| 942 ## - ADDED ENTRY ELEMENTS (KOHA) | |
| Source of classification or shelving scheme | Dewey Decimal Classification |
| Item type | Book - Borrowing |
| Withdrawn status | Item status | Source of classification or shelving scheme | Damaged status | Not for loan | Vendor | Home library | Current library | Shelving location | Date acquired | Source of acquisition | Total Checkouts | Total Renewals | Full call number | Barcode | Date last seen | Date last borrowed | Koha item type |
|---|---|---|---|---|---|---|---|---|---|---|---|---|---|---|---|---|---|
| Dewey Decimal Classification | Baccah | Central Library | Central Library | First floor | 21/01/2009 | 3 | 3 | 620.11 MUR | 000015117 | 15/07/2025 | 14/03/2013 | Book - Borrowing |